[Event "FIDE-Wch k.o. f"]
[Site "Lausanne"]
[Date "1998.01.04"]
[Round "8.3"]
[White "Karpov, Anatoly"]
[Black "Anand, Viswanathan"]
[Result "1/2-1/2"]
[WhiteElo "2735"]
[BlackElo "2770"]
[Annotator "Ftacnik"]
[PlyCount "37"]
[EventDate "1998.01.02"]
[EventType "match"]
[EventRounds "6"]
[EventCountry "SUI"]
[Source "ChessBase"]
[SourceDate "1998.04.09"]

1. d4 {Lutz} d5 2. c4 c6 3. Nc3 Nf6 4. e3 e6 5. Nf3 Nbd7 6. Bd3 dxc4 7. Bxc4 b5
8. Bd3 Bb7 9. a3 b4 10. Ne4 Nxe4 11. Bxe4 bxa3 12. bxa3 Bd6 13. O-O {Lutz: Der 
nachfolgende Plan der Läuferentwicklung ist an dieser Stelle neu. Karpow hatte
gegen Kramnik zweimal 13.Bd2 versucht, allerdings ohne großen Erfolg.} (13. Bd2
Rb8 (13... Qc7 14. Bb4 c5 15. Bxb7 Qxb7 16. dxc5 Bxc5 17. Bxc5 Nxc5 18. Qd4 Qb5
19. Qxg7 Nd3+ 20. Kd2 O-O-O 21. Nd4 Nc5) 14. O-O $5 (14. Qa4 c5 (14... Qc7 15.
Rb1 c5 16. Rxb7) 15. Bxb7 Rxb7 16. dxc5 Bxc5 17. Ba5 Qb8 (17... Qc8 18. O-O O-O
19. Rac1 Nb6 20. Qe4 Rc7 21. Ng5 g6 22. Qh4 h5 23. g4 Be7 24. gxh5 Rxc1 25.
hxg6 Rxf1+ 26. Kg2 Rxf2+ $3 27. Kxf2 fxg6+ $19) 18. Rd1 O-O {
1/2-1/2 Karpov,A-Kramnik,V/Dortmund 1995} (18... O-O 19. Rxd7 Qe8 20. Ne5 Bd6
21. O-O Bxe5 22. Rfd1 Rxd7 23. Qxd7 Qb8 $14)) (14. Rb1 O-O 15. O-O Nf6 $10)
14... O-O (14... c5 $6 15. Bxb7 Rxb7 16. Bc3 $1 (16. d5 exd5 17. Bc3 Nf6 18.
Bxf6 Qxf6 19. Qxd5 Rd7 20. Qa8+ Qd8 $14) 16... O-O 17. d5 Qe7 18. e4 f6 $8 19.
Qc2 Nb6 $6 20. dxe6 Qxe6 21. Rfe1 Nc4 22. Rad1 $5 (22. a4 Ne5 23. Bxe5 Bxe5 24.
Rac1 Bd4 $10) 22... Nxa3 23. Qc1 Nc4 24. Nh4 $1 {
Gurevich,M-Novikov,I/Antwerp op/1995/0-1 (93)}) 15. Bb4 c5 16. dxc5 Bxc5 17.
Bxb7 Rxb7 18. Nd4 Qb6 19. Bxc5 Qxc5 20. Qd2 Qd5 21. Qc3 h6 22. Rac1 Ne5 23. h3
Rfb8 24. Qc5 Qe4 25. Qc2 Qd5 26. Qa4 Qe4 27. Qc2 Qd5 {
1/2-1/2 Karpov,A-Kramnik,V/Monaco rapid 1996}) 13... O-O 14. Bb2 (14. Bd2)
14... Rb8 15. Qc2 c5 {The only exciting moment in the whole game, black trusts
his counterplay with bishop looking to white's kingside. Der einzige kleine
Höhepunkt der Partie.} (15... f5 $5 16. Bxc6 Rc8 17. d5 (17. Qb3 Rxc6 18. Qxb7
Rb6 $19) 17... exd5 18. Qc3 $1 (18. Nd4 Bxc6 19. Nxc6 Bxh2+ 20. Kxh2 Qc7+ $15)
18... Rf7 19. Bxb7 Rxc3 20. Bxc3 Nb6 (20... Qc7 21. Bxd5 Qxc3 22. Ng5 Ne5 23.
Rac1 Qxa3 24. Rc8+ Bf8 25. Bxf7+ Nxf7 26. Ne6 $18) 21. Ba6 $13) 16. Bxb7 (16.
Bxh7+ Kh8 17. Bd3 (17. Be4 $2 Bxe4 18. Qxe4 Rxb2 $19) (17. dxc5 Bxf3 18. gxf3 (
18. cxd6 Qg5 19. g3 Qg4 $19) 18... Rxb2 19. Qxb2 Be5 $17) 17... Bxf3 18. gxf3
Bxh2+ (18... cxd4 19. Bxd4 Qh4 20. f4 Qg4+ $11) (18... Qh4 $5 {Lutz}) 19. Kxh2
Qh4+ 20. Kg2 Qg5+ $11) 16... Rxb7 17. dxc5 (17. Rab1 cxd4 18. Nxd4 Qb8 $11)
17... Bxc5 18. Rfd1 Qe7 19. a4 (19. Qc3 Nf6 $11) 1/2-1/2

[Event "FIDE-Wch k.o. f"]
[Site "Lausanne"]
[Date "1998.01.06"]
[Round "8.4"]
[White "Anand, Viswanathan"]
[Black "Karpov, Anatoly"]
[Result "0-1"]
[WhiteElo "2770"]
[BlackElo "2735"]
[Annotator "Ftacnik"]
[PlyCount "98"]
[EventDate "1998.01.02"]
[EventType "match"]
[EventRounds "6"]
[EventCountry "SUI"]
[Source "ChessBase"]
[SourceDate "1998.04.09"]

1. e4 c6 2. d4 d5 3. exd5 cxd5 4. c4 Nf6 5. Nc3 e6 6. Nf3 Be7 7. cxd5 Nxd5 8.
Bd3 Nc6 9. O-O O-O 10. Re1 Bf6 11. Be4 Nce7 12. h4 Nf5 (12... Bd7 13. Qd3 h6 (
13... g6 14. Bh6 Re8 (14... Bg7 15. Bxg7 Kxg7 16. Bxd5 Nxd5 17. Nxd5 exd5 18.
Re5 Bg4 19. g3 f6 20. Ree1 Bxf3 21. Qxf3 Qd7 {
1/2-1/2 Obodchuk,A-Acs,P/Budapest FS11 IM-B 1994 (43)}) 15. h5 Bc6 16. hxg6
hxg6 17. Rad1 Rc8 18. Ne5 Nxc3 19. Nxc6 bxc6 20. bxc3 Qa5 21. Bd2 c5 22. c4
Qxa2 23. d5 exd5 24. cxd5 c4 25. Qf3 {1-0 Kosic,D-Cela,A/Balkaniad 1989 (33)})
14. Ng5 $5 (14. a3 Bc6 15. Ne2 Nb6 16. Ng3 Bxe4 17. Qxe4 Qd5 18. Qg4 Kh7 19.
Ne4 Nd7 20. Bg5 Nf5 21. Bxf6 Nxf6 22. Nxf6+ gxf6 23. Rac1 Rg8 24. Qe4 Qxe4 25.
Rxe4 Rac8 {1/2-1/2 Chiburdanidze,M-Ioseliani,N/WchW 1988 (39)}) 14... g6 (14...
Ng6 $2 15. Nxf7 $1) (14... Bc6 15. Bh7+ Kh8 16. Bg8 g6 17. Nxf7+) (14... hxg5
15. hxg5 Bc6 16. Bh7+ Kh8 17. Qh3 $18) 15. Nf3 Bg7 16. h5 $5 g5 (16... gxh5 17.
Ne5 $16 {/\ 18.Qg3, 18.Qh3}) 17. Nxg5 $3 hxg5 18. Bxg5 $40 f6 19. Bh7+ Kh8 20.
h6 fxg5 $2 {(+)} (20... Nxc3 21. Bd2 Ncd5 22. hxg7+ Kxg7 $13 {/\} 23. Qh3 Rh8
24. Qh6+ Kf7 25. Qh5+ $11) 21. hxg7+ Kxg7 22. Nxd5 exd5 (22... Nxd5 23. Qg6+
Kh8 24. Qh6 $18) 23. Re5 $1 $18 {1-0 Dzhandzhava,L-Kalegin,E/Batumi 1991 (30)})
(12... b6 13. Bg5 Bxg5 14. hxg5 Bb7 15. Qd3 Nb4 16. Qb1 Bxe4 17. Qxe4 Rc8 18.
a3 Nbd5 19. Ne2 a5 20. g3 Nf5 21. Kg2 Qc7 22. Rac1 Qb7 23. Nc3 Rfd8 24. Nxd5
Rxd5 25. Rxc8+ Qxc8 {1-0 Trofimova,O-Kononenko,T/EU-chJW U20 1995 (36)}) 13.
Qd3 (13. Bxf5 exf5 14. Nxd5 Qxd5 15. Bg5 Bxg5 16. Nxg5 h6 17. Nf3 $11) 13...
Nxc3 14. bxc3 h6 (14... Nxh4 15. Bxh7+ Kh8 16. Nxh4 Bxh4 17. Be4 $14) 15. h5 (
15. g3 Nd6 16. Ba3 Nxe4 17. Qxe4 (17. Bxf8 Nxf2 18. Kxf2 Qxf8 $13) 17... Re8
18. c4 Qc7 $11) (15. Bxf5 exf5 16. Ba3 Re8 17. Rxe8+ Qxe8 18. Re1 Qd8 19. c4
$11) 15... Nd6 16. Ne5 (16. Ba3 $5) 16... Nxe4 (16... Bxe5 $5 17. Bh7+ $1 Kh8
18. dxe5 Nf5 19. Bxf5 exf5 20. Qxd8 Rxd8 21. Be3 $15) 17. Qxe4 Bxe5 18. dxe5 (
18. Qxe5 Qd5 (18... b6 $11) 19. Qxd5 exd5 20. Ba3 Rd8 $11) 18... f5 $1 19. Qe2
$6 {After this move only black can hope to create some problems.} (19. exf6
Rxf6 20. Be3 Rf5 21. Rad1 $13) (19. Qf3 $5) 19... Bd7 20. Rd1 Bb5 $1 21. Qf3 (
21. Rxd8 Bxe2 22. Rd7 Rf7 23. Rd6 Bxh5 24. Rxe6 Rc7 $15) 21... Qe8 22. Bf4 (22.
Qxb7 Bc6 23. Qa6 (23. Qc7 Rc8 24. Qd6 Rf7 $1 (24... Bd5 25. Rxd5 $5 exd5 26.
Qxd5+ Kh8 27. Ba3 Rg8 28. Bb4 Qxh5 29. Re1 $15) 25. Qb4 Rfc7 26. Qh4 Bb5 $17)
23... Bb5 (23... Qxh5 24. Bxh6 $1) 24. Qb7 (24. Qa5 Qxh5 25. Ba3 Bc6 26. Bxf8
Qg5 27. g3 Qh5 28. Kf1 Bf3 29. Ke1 Bxd1 30. Rxd1 Rxf8 $15) 24... Bc6 $11) 22...
Rc8 23. Rd4 Rc4 24. Rad1 (24. Qxb7 $5 Rxc3 25. Rb1 a6 26. a4 Bc6 27. Qb2 $11)
24... Qf7 25. Rxc4 (25. Rd8 Be8 $1 26. R1d4 Rxd4 27. cxd4 Qxh5 28. Qxb7 Qd1+
29. Kh2 Qg4 $17) 25... Bxc4 26. a3 {The middlegame is not encouraging, pawns
a3, c3, e5 and h5 are potentially very weak.} Rc8 27. Rd4 Kh7 (27... Bd5 28.
Qh3 Qc7 29. Rd3 $15) 28. Bd2 Bd5 29. Qh3 b5 30. a4 (30. Qh4 Rc5 31. a4 (31. f3
a5 $17) 31... Be4 32. axb5 Rxb5 $17) 30... bxa4 31. Rxa4 Rc4 32. Rxc4 (32. Rb4
a5 33. Rxc4 Bxc4 34. Qh4 Bb3 $17) (32. Ra3 Qb7 $1 33. Qd3 Rh4 $17) 32... Bxc4
33. Qh4 Bb5 34. c4 (34. Qb4 Qxh5 35. Qxb5 Qd1+ 36. Kh2 Qxd2 $17) 34... Be8 35.
c5 $2 {Anand plays this endgame without his usual esprit, the situation was
not so critical yet.} (35. Qd8 $1 Qxh5 36. Be3 Qg6 (36... Qf7 37. Qa8 $11) (
36... Bc6 37. Qd6 $11) 37. Qa8 a5 38. c5 a4 39. c6 f4 40. c7 Qb1+ 41. Kh2 Bd7
42. Bc5 (42. Bxf4 Qf5 43. Bg3 Qh5+ 44. Kg1 Qd1+ $11) 42... Qg6 43. Kg1 Qb1+ 44.
Kh2 $11) 35... Qd7 36. Bc3 Qd3 37. Qd4 (37. Bd4 a5 $17) (37. Bb4 Qd5 $17) 37...
Qxd4 38. Bxd4 a5 39. c6 $2 (39. f3 $5 Bxh5 40. c6 Be8 41. c7 Bd7 42. Kf2 a4 43.
Bc5 f4 $17) (39. f4 a4 40. Bb2 Bxh5 41. c6 Be8 42. c7 Bd7 43. Kf2 Kg6 44. Ba3
Bc8 45. Ke3 Kf7 46. Kd4 $15) 39... Bxc6 40. f3 f4 $1 (40... Be8 41. g4 $15) 41.
Bb2 (41. Bc3 $2 a4 42. Bd2 a3 $19) 41... Be8 42. Bc1 a4 43. Bxf4 a3 44. Be3
Bxh5 {White must have misjudged the consequences of this endgame. The
assymetry of the pawns plays in the hands of the side with a spare pawn.} 45.
Kf2 (45. g4 a2 46. Bd4 Be8 47. f4 g6 48. Kf2 h5 49. Kg3 Ba4 50. Kh4 Kh6 51. Bc3
Bd1 52. gxh5 gxh5 $19) 45... Be8 46. Bd4 Bc6 47. Bc3 a2 48. g3 h5 49. g4 (49.
Kg2 g5 50. Kf2 Kg6 51. Ke3 h4 52. Kf2 h3 $19) (49. f4 Kg6 50. Ke3 Kf5 51. Bb2
Kg4 52. Kf2 h4 53. gxh4 Kxf4 $19) 49... h4 (49... h4 50. f4 g5 $1 51. f5 (51.
fxg5 Kg6 52. Ba1 Kxg5 $19) 51... exf5 52. gxf5 g4 $19) 0-1

[Event "FIDE-Wch k.o. f"]
[Site "Lausanne"]
[Date "1998.01.08"]
[Round "8.6"]
[White "Anand, Viswanathan"]
[Black "Karpov, Anatoly"]
[Result "1-0"]
[WhiteElo "2770"]
[BlackElo "2735"]
[Annotator "Anand"]
[PlyCount "83"]
[EventDate "1998.01.02"]
[EventType "match"]
[EventRounds "6"]
[EventCountry "SUI"]
[Source "ChessBase"]
[SourceDate "1998.04.09"]

{Before this game, I trailed by 2-3 and Karpov only needed a draw to clinch
victory. What should I do? I remembered my previous match against Karpov
(Brussels 1991). Trailing by one point after 4 games, I played calm chess and
still got winning positions in both the 5th and 6th games. I also got some
hope from the 24th game between Kasparov and Karpov in Seville 1987 when
Karpov was in the same situation. Kasparov avoided a theoretical battle and
got no advantage. Karpov, however, was too eager to draw and soon got himself
into hot water. With these thoughts in mind, I went for game 6.} 1. d4 Nf6 2.
Bg5 {The Trompovsky!! I couldn't really bring myself to play something like
Kasparov's Reti, so this seemed like a good compromise. On the one hand, it
offers interesting positions. Since the theory mostly consists of games of
Hodgson, there are no long forced lines leading to draws (yet!), but lots of
fascinating and creative chess. Perfect, I thought, for today's game.} e6 3. e4
h6 4. Bxf6 Qxf6 5. Nc3 d6 6. Qd2 g5 7. Bc4 $5 {My team was looking for
something off the beaten track, but with some venom. Eventually Yusupov came
up with this idea. White is  going to castle kingside. His knight should go to
e2 (on f3, it would be harassed by g4) and so the idea arose to develop the
bishop first. The knight also has ideas like Ne2-g3-h5.} Nc6 8. Nge2 Bg7 9. Rd1
Bd7 10. O-O O-O-O (10... O-O 11. Qe3 {>< f5, h5 >> /\ f2-f4}) 11. Nb5 $1 {
Black will ignore any queenside thrust like b4-b5 by simply playing his knight
to a5. So I must first provoke weaknesses and only then prepareb2-b4} (11. b4
g4 12. b5 Na5 13. Bd3 h5) 11... a6 12. Na3 {/\ c3, b4} g4 $1 {
Black must expand on the kingside to generate counterplay} 13. f4 (13. b4 $6
Qg5 $1) 13... gxf3 14. Rxf3 Qe7 15. c3 h5 16. Rdf1 Rdf8 17. b4 Na7 {
Not a bad move, but perhaps showing an over-developed sense of danger.} 18. Nc2
Bh6 19. Qe1 Kb8 20. Bd3 Bc6 $1 $132 {Black has played this phase well and his
two bishops and the open g-line give him counterplay.} 21. Nf4 Rfg8 (21... e5
22. Nxh5 $1) 22. d5 (22. Nxh5 f5 $1) 22... Be8 (22... Bxf4 23. dxc6 $1 (23.
Rxf4 exd5 24. Rxf7 Qg5 $15) 23... e5 24. cxb7 $14) 23. Qf2 (23. Nxh5 $2 Qg5 $1
24. Ng3 Qh4 $44) 23... Bg7 (23... h4 $5) 24. Nd4 $1 {
White has succeeded in neutralizing the two bishops} Bd7 25. dxe6 Bxd4 26. cxd4
fxe6 27. e5 Bc6 28. Ng6 {I didnt see any alternatives for White.} (28. Rg3 h4)
28... Qd8 $4 {As soon as he made this move, I saw a grimace on his face -
maybe he missed Nh8xf7, but later it turned out that he hadn't seen 29...Nc8.}
(28... Rxg6 29. Bxg6 (29. Rf8+ Nc8 $1 30. Bxg6 Rxf8 31. Qxf8 Qg5 $19) 29...
Bxf3 30. Qxf3 dxe5 31. dxe5 Nc6 (31... Qxb4 32. Qf6 $13) 32. Qf6 $13) 29. Nxh8
$16 {Suddenly I was back in the match!! I tried my best to calm down realizing
that 3-3 was now a matter of technique.} Bxf3 30. Nf7 Qh4 $8 {After some
t, he came up with this move, but really White only has to play carefully to
rake in the point.} (30... Bxg2 31. Nxd8 Be4+ 32. Qg3 Rxg3+ 33. hxg3 Bxd3 34.
Rf8 $1 $18) 31. Qxf3 (31. Qxh4 $4 Rxg2+ 32. Kh1 Rf2+ $11) 31... Qxd4+ 32. Kh1
d5 {Matters could still get complicated if Black can save his h-pawn due to my
stranded Nf7.} 33. Rd1 $1 {
The b-P is not important, White must capture the h-P.} Qxb4 34. Rb1 Qa4 35.
Qxh5 $18 Nc6 36. Qe2 Ka7 37. Qf2+ b6 {/\ Nb4} 38. Rc1 $1 Kb7 39. h3 $1 {
All the precautionary moves and White can go for the e6 pawn.} Rc8 40. Qf6 Nd4
41. Nd8+ $1 {I saw that Nd6 won as well, but Karpov has swindled too many
points from me over the years, so I looked for something easier.} (41. Nd6+
cxd6 42. Qe7+ Kb8 43. Rxc8+ Kxc8 44. exd6 Qc6 45. Bxa6+ (45. Qf8+ Kd7 46. Qg7+
Kxd6 47. Qxd4 $16) 45... Kb8 $16) 41... Kb8 42. Nxe6 {
Here he resigned. I had drawn the match!} (42. Nxe6 Qa3 43. Rd1 $18) 1-0